Cơ cấu lại doanh nghiệp nhà nước theo luật doanh nghiệp năm 2005

Sách đề cập tới các vấn đề về tiến trình đổi mới doanh nghiệp nhà nước; mô hình công ty mẹ công ty con trong điều kiện áp dụng ở Việt Nam, thủ tục chuyển đổi công ty nhà nước độc lập, công ty trách nhiệm hữu hạn nhà nước; tổ chứ...

Täydet tiedot

Tallennettuna:
Bibliografiset tiedot
Päätekijä: Vũ, Huy Từ
Aineistotyyppi: Kirja
Kieli:Undetermined
Julkaistu: Hà Nội Chính trị Quốc gia 2007
Aiheet:
Tagit: Lisää tagi
Ei tageja, Lisää ensimmäinen tagi!
Thư viện lưu trữ: Trung tâm Học liệu Trường Đại học Cần Thơ
LEADER 01332nam a2200229Ia 4500
001 CTU_139999
008 210402s9999 xx 000 0 und d
020 |c 30000 
082 |a 346.065 
082 |b T550 
100 |a Vũ, Huy Từ 
245 0 |a Cơ cấu lại doanh nghiệp nhà nước theo luật doanh nghiệp năm 2005 
245 0 |c Vũ Huy Từ ... [et al.] 
260 |a Hà Nội 
260 |b Chính trị Quốc gia 
260 |c 2007 
520 |a Sách đề cập tới các vấn đề về tiến trình đổi mới doanh nghiệp nhà nước; mô hình công ty mẹ công ty con trong điều kiện áp dụng ở Việt Nam, thủ tục chuyển đổi công ty nhà nước độc lập, công ty trách nhiệm hữu hạn nhà nước; tổ chức và hoạt động của công ty cổ phần nhà nước; tổ chức, quản lý và hoạt động của tập đoàn kinh tế theo luật doanh nghiệp Việt Nam năm 2005 
650 |a Business enterprises,Corporation law,Luật doanh nghiệp 
650 |x Law and legislation 
650 |z Vietnam,Vietnam,Việt Nam 
904 |i Hạ Nguyên 
980 |a Trung tâm Học liệu Trường Đại học Cần Thơ